000 01726nam a2200457Ii 4500
001 DIGHERDER0093
003 NyNyDIG
007 cr |||||||||||
008 220415s2015 sp ob 000 0 spa d
006 m o d
035 _a(OCoLC)989036765
040 _aDGITA
_beng
_erda
_epn
_cDGITA
020 _a9788425431739
_qeBook
_qePub
020 _z9788425425684
041 1 _aspa
_hger
050 1 4 _aBV4461 ebook
100 1 _aGrün, Anselm,
_eauthor.
240 1 0 _aWege durch die depression.
_lSpanish
_s(Barro)
245 1 0 _aCaminos a través de la depresión :
_bimpulsos espirituales /
_cAnselm Grün ; traducción, Malena Barro.
250 _a1a. edición digital.
264 1 _aBarcelona :
_bHerder,
_c2015.
300 _a1 online resource.
336 _atext
_btxt
_2rdacontent
337 _acomputer
_bc
_2rdamedia
338 _aonline resource
_bcr
_2rdacarrier
347 _atext file
_2rdaft
347 _bEPUB
504 _aIncludes bibliographical references.
588 0 _aOnline resource; title from ePub title page (Digitalia, viewed April 15, 2022)
650 0 _aDepression, Mental.
650 0 _aSpirituality.
655 0 _aElectronic books.
700 1 _aBarro, Malena,
_etranslator.
700 1 _iTranslation of:
_aGrün, Anselm.
_tWege durch die depression.
791 2 _aDigitalia (Firm),
_edistributor.
793 0 _gDigitalia eBook Collection:
_aHerder Editorial
776 0 8 _iPrint version:
_aGrün, Anselm.
_sWege durch die depression. Spanish (Barro).
_tCaminos a través de la depresión.
_dBarcelona : Herder, 2015
_z9788425425684
856 4 0 _3Digitalia Hispánica
_uhttps://www.digitaliapublishing.com/a/61108/
910 _aPremium collection: 2022
942 _cRAA
999 _c257389
_d257389